| 000 | 00360nam a22001457a 4500 | ||
|---|---|---|---|
| 003 | MACL | ||
| 005 | 20171103123242.0 | ||
| 008 | 171103b xxu||||| |||| 00| 0 eng d | ||
| 040 | _cMACL | ||
| 100 |
_aGoel,Sita Ram _968875 |
||
| 245 | _aDefence of Hindu Society | ||
| 260 |
_aNew Delhi _bVoice of India _c2014 |
||
| 650 |
_aReligion _969396 |
||
| 942 |
_2ddc _cBK |
||
| 999 |
_c57136 _d57136 |
||